[Event "4NCL Online Division 3"]
[Site "online"]
[Date "2020.04.07"]
[Round "1.82"]
[White "Hookham, Jamie"]
[Black "Heath, Chris W"]
[Result "1-0"]
[WhiteElo "2029"]
[BlackElo "1855"]
[PlyCount "37"]
[EventDate "2020.04.07"]
[WhiteTeam "3 Smarties 1 Tube"]
[BlackTeam "Horsham"]

1. e4 e6 2. d4 d5 3. Nd2 Nf6 4. e5 Nfd7 5. f4 c5 6. c3 Nc6 7. Ndf3 Be7 8. a3
cxd4 9. cxd4 O-O 10. Bd3 f6 11. Ne2 fxe5 12. fxe5 Nb6 13. Nf4 Qe8 14. h4 Rf7
15. Ng5 Bxg5 16. Bxh7+ Kxh7 17. hxg5+ Kg8 18. Qh5 Rf8 19. g6 1-0

[Event "4NCL Online Division 3"]
[Site "online"]
[Date "2020.04.07"]
[Round "1.83"]
[White "Ashby, Nicholas G"]
[Black "Barron, Luke J"]
[Result "0-1"]
[WhiteElo "1817"]
[BlackElo "1927"]
[PlyCount "160"]
[EventDate "2020.04.07"]
[WhiteTeam "Horsham"]
[BlackTeam "3 Smarties 1 Tube"]

1. d4 Nf6 2. g3 d5 3. Bg2 c6 4. Nf3 Bf5 5. c4 Nbd7 6. Nc3 e6 7. Nh4 Bg6 8. O-O
Be7 9. Nxg6 hxg6 10. b3 Qa5 11. Bd2 dxc4 12. Nd5 Qd8 13. Nxe7 Qxe7 14. bxc4 Nb6
15. Qb3 Rd8 16. Bc3 Qc7 17. Ba5 Rxd4 18. c5 Qe5 19. cxb6 Qxa5 20. bxa7 Qxa7 21.
Rab1 Rd7 22. e3 O-O 23. Rb2 Rfd8 24. Rfb1 Ng4 25. h3 Ne5 26. Be4 Qa6 27. Rc1
Nd3 28. Bxd3 Rxd3 29. Qc4 Rd1+ 30. Kg2 R1d2 31. Qxa6 bxa6 32. Rcc2 Rxc2 33.
Rxc2 Rc8 34. Rc5 Kf8 35. Ra5 c5 36. Rxa6 c4 37. Rd6 c3 38. Rd1 Ke7 39. Kf3 Kf6
40. Ke2 Ra8 41. Ra1 Ke5 42. f3 Kd5 43. Kd3 Ra3 44. e4+ Kc5 45. Rc1 c2+ 46. Kxc2
Rxf3 47. Kb2+ Kb6 48. Rc3 Rf1 49. Kb3 Re1 50. Rf3 f6 51. Rf4 Re3+ 52. Kb4 Rxg3
53. a4 Rxh3 54. Rg4 g5 55. Rg2 Re3 56. Rg4 Re1 57. e5 Rxe5 58. Rd4 Rd5 59. Rc4
e5 60. Rc8 Rd4+ 61. Kb3 g4 62. Rb8+ Ka7 63. Re8 Rd7 64. Rc8 e4 65. Rc4 f5 66.
Rc5 g6 67. Ra5+ Kb6 68. Rb5+ Ka6 69. Kc4 Rc7+ 70. Kd4 g3 71. Ke3 Rc3+ 72. Ke2
f4 73. Rg5 f3+ 74. Kd2 Rd3+ 75. Ke1 f2+ 76. Ke2 Re3+ 77. Kxe3 f1=Q 78. Rxg6+
Ka5 79. Rxg3 Qe1+ 80. Kf4 Qf2+ 0-1

[Event "4NCL Online Division 3"]
[Site "online"]
[Date "2020.04.07"]
[Round "1.84"]
[White "Jost, Jan Niklas"]
[Black "Barrowclough, Richard"]
[Result "1-0"]
[WhiteElo "1840"]
[BlackElo "1577"]
[PlyCount "53"]
[EventDate "2020.04.07"]
[WhiteTeam "3 Smarties 1 Tube"]
[BlackTeam "Horsham"]

1. e4 c6 2. d4 d5 3. Nc3 dxe4 4. Nxe4 Nf6 5. Ng3 Bg4 6. f3 Bd7 7. Bd3 e6 8.
N1e2 Be7 9. O-O O-O 10. c4 Na6 11. Be3 Nc7 12. Rc1 Rc8 13. Bb1 Nce8 14. Ne4 g6
15. N2g3 Ng7 16. Qa4 Qb6 17. Qc2 Rfd8 18. Qf2 Qa6 19. Nc5 Bxc5 20. dxc5 Ngh5
21. Bg5 Rf8 22. Ne4 Nxe4 23. fxe4 Be8 24. e5 Qa5 25. Bh6 Ng7 26. g4 Qc7 27. Qf6
1-0

[Event "4NCL Online Division 3"]
[Site "online"]
[Date "2020.04.07"]
[Round "1.91"]
[White "Elwin, Adrian G"]
[Black "Yeo, Gareth"]
[Result "0-1"]
[WhiteElo "1982"]
[BlackElo "1980"]
[PlyCount "80"]
[EventDate "2020.04.07"]
[WhiteTeam "MK Phoenix 2"]
[BlackTeam "West is Best 2"]

1. d4 Nf6 2. c4 c5 3. d5 g6 4. Nc3 Bg7 5. e4 d6 6. Be2 O-O 7. f4 e6 8. Nf3 exd5
9. exd5 Bf5 10. O-O Ne4 11. Nxe4 Bxe4 12. Ng5 Re8 13. Nxe4 Rxe4 14. Bd3 Re8 15.
Qc2 Nd7 16. Bd2 Bd4+ 17. Kh1 Qh4 18. Be1 Qh6 19. Bc3 Bxc3 20. Qxc3 Re3 21. Rae1
Rae8 22. Rxe3 Rxe3 23. Qd2 Re8 24. g3 Qg7 25. Qf2 Qf6 26. b3 h5 27. Bc2 Kg7 28.
h4 a6 29. a4 Qe7 30. f5 g5 31. f6+ Qxf6 32. Bf5 Ne5 33. Qe2 g4 34. Bd3 Nxd3 35.
Qxd3 Qe5 36. Rf5 Qa1+ 37. Kg2 Re1 38. Rxf7+ Kxf7 39. Qf5+ Qf6 40. Qh7+ Kf8 0-1

[Event "4NCL Online Division 3"]
[Site "online"]
[Date "2020.04.07"]
[Round "1.92"]
[White "Jukes, Sam"]
[Black "Whiteside, Robert"]
[Result "1-0"]
[WhiteElo "1871"]
[BlackElo "1792"]
[PlyCount "65"]
[EventDate "2020.04.07"]
[WhiteTeam "West is Best 2"]
[BlackTeam "MK Phoenix 2"]

1. e4 e6 2. d4 d5 3. Nc3 Nf6 4. e5 Nfd7 5. Nce2 c5 6. c3 Nc6 7. Nf3 cxd4 8.
cxd4 Bb4+ 9. Bd2 Qb6 10. Bxb4 Qxb4+ 11. Qd2 Nb6 12. Nc1 Nc4 13. Qxb4 Nxb4 14.
Bxc4 dxc4 15. O-O Bd7 16. a3 Nd5 17. Ne2 Rc8 18. Nd2 f5 19. Rac1 b5 20. a4 a6
21. axb5 axb5 22. Ra1 Ke7 23. Ra7 Rc7 24. Rfa1 Rhc8 25. g4 g6 26. R1a5 Rxa7 27.
Rxa7 Rc7 28. Rxc7 Nxc7 29. g5 Nd5 30. h4 Bc6 31. Kh2 Nb4 32. b3 Bf3 33. Nxf3
1-0

[Event "4NCL Online Division 3"]
[Site "online"]
[Date "2020.04.07"]
[Round "1.93"]
[White "Edwards, Peter"]
[Black "Davis, Ashley J"]
[Result "1/2-1/2"]
[WhiteElo "1870"]
[BlackElo "1852"]
[PlyCount "54"]
[EventDate "2020.04.07"]
[WhiteTeam "MK Phoenix 2"]
[BlackTeam "West is Best 2"]

1. e4 e6 2. Nf3 c5 3. d4 cxd4 4. Nxd4 a6 5. Nc3 Qc7 6. Bd3 Nf6 7. O-O b5 8. Re1
Bd6 9. h3 h6 10. Qe2 Be5 11. Qe3 Nc6 12. Nf3 Bxc3 13. bxc3 d6 14. e5 dxe5 15.
Nxe5 Nxe5 16. Qxe5 Qxe5 17. Rxe5 O-O 18. c4 bxc4 19. Bxc4 Bb7 20. a4 Rfc8 21.
Bd3 Bd5 22. Be3 Nd7 23. Rh5 Nc5 24. Be2 Ne4 25. Bd3 Nc5 26. Be2 Ne4 27. Bd3 Nc5
1/2-1/2

[Event "4NCL Online Division 3"]
[Site "online"]
[Date "2020.04.07"]
[Round "1.94"]
[White "Hurley, Jake"]
[Black "Cox, Lucian"]
[Result "1-0"]
[WhiteElo "1780"]
[BlackElo "1051"]
[PlyCount "21"]
[EventDate "2020.04.07"]
[WhiteTeam "West is Best 2"]
[BlackTeam "MK Phoenix 2"]

1. e4 c5 2. Nf3 d6 3. d4 cxd4 4. c3 dxc3 5. Nxc3 Nf6 6. Bc4 Nc6 7. e5 dxe5 8.
Qxd8+ Nxd8 9. Nb5 Kd7 10. Nxe5+ Ke8 11. Nc7# 1-0

[Event "4NCL Online Division 3"]
[Site "online"]
[Date "2020.04.07"]
[Round "1.101"]
[White "Finn, Jonathan"]
[Black "Menadue, Jeremy F S"]
[Result "0-1"]
[WhiteElo "1915"]
[BlackElo "1996"]
[PlyCount "72"]
[EventDate "2020.04.07"]
[WhiteTeam "Nottingham University 1"]
[BlackTeam "Falmouth & Truro"]

1. d4 d5 2. Nf3 Nf6 3. Bf4 c6 4. e3 Qb6 5. b3 a5 6. Nbd2 Bf5 7. c4 e6 8. c5 Qd8
9. a3 Be7 10. b4 O-O 11. h3 b6 12. Nh4 Bg6 13. Nxg6 hxg6 14. Bd3 Nfd7 15. Nf3
Re8 16. O-O Bf6 17. Bd6 e5 18. Bc2 e4 19. Nd2 Re6 20. Rb1 axb4 21. axb4 b5 22.
Bh2 Na6 23. Qe1 Bh4 24. Nb3 f5 25. Ra1 g5 26. g3 f4 27. gxh4 f3 28. Kh1 Rh6 29.
Bg3 Nf6 30. Rg1 g4 31. Qf1 Qd7 32. Qb1 g5 33. Rd1 gxh4 34. Bf4 g3 35. fxg3
Qxh3+ 36. Kg1 Qg2# 0-1

[Event "4NCL Online Division 3"]
[Site "online"]
[Date "2020.04.07"]
[Round "1.102"]
[White "Kneebone, Robin F G"]
[Black "Fewell, Ewan"]
[Result "0-1"]
[WhiteElo "1952"]
[BlackElo "1907"]
[PlyCount "88"]
[EventDate "2020.04.07"]
[WhiteTeam "Falmouth & Truro"]
[BlackTeam "Nottingham University 1"]

1. d4 Nf6 2. c4 e6 3. g3 d5 4. Nf3 Be7 5. Bg2 O-O 6. O-O dxc4 7. Qc2 a6 8. Qxc4
b5 9. Qc2 Bb7 10. Bd2 Be4 11. Qc1 c6 12. Rd1 Nbd7 13. Nc3 Bd5 14. Qc2 b4 15.
Nxd5 cxd5 16. Bf4 Rc8 17. Qd3 Qb6 18. Rdc1 Qb7 19. Qd1 Ne4 20. Rxc8 Rxc8 21.
Rc1 Nb6 22. Rxc8+ Qxc8 23. Qc1 Qc4 24. Bf1 f6 25. Be3 a5 26. Ne1 Kf7 27. Qb1 b3
28. a3 Na4 29. Kg2 Nd6 30. Qc1 Nb5 31. Qd2 Nxb2 32. Qxb2 Bxa3 33. Qb1 g6 34.
Nd3 Bd6 35. Nb2 Qb4 36. Nd3 Qc4 37. Nb2 Qc3 38. Na4 Qb4 39. Nb2 a4 40. Nd3 Qc3
41. Nc5 Bxc5 42. dxc5 a3 43. Bc1 a2 44. Qb2 a1=Q 0-1

[Event "4NCL Online Division 3"]
[Site "online"]
[Date "2020.04.07"]
[Round "1.103"]
[White "Grainger, Charlie"]
[Black "Willis, Toby W"]
[Result "1-0"]
[WhiteElo "1832"]
[BlackElo "1892"]
[PlyCount "81"]
[EventDate "2020.04.07"]
[WhiteTeam "Nottingham University 1"]
[BlackTeam "Falmouth & Truro"]

1. e4 c5 2. Nc3 Nc6 3. g3 g6 4. Bg2 Bg7 5. f4 d6 6. Nf3 Nf6 7. d3 O-O 8. Nh4
Rb8 9. a4 a6 10. O-O Bg4 11. Bf3 Bh3 12. Bg2 Bxg2 13. Kxg2 b5 14. axb5 axb5 15.
f5 b4 16. Ne2 d5 17. Bf4 Rb7 18. e5 Nh5 19. fxg6 hxg6 20. e6 Nxf4+ 21. Nxf4 g5
22. exf7+ Rxf7 23. Ne6 Qd6 24. Rxf7 Qxe6 25. Rxg7+ Kxg7 26. Nf3 Qf6 27. Ra6 Rc7
28. Qc1 g4 29. Qg5+ Qxg5 30. Nxg5 Kf6 31. h4 gxh3+ 32. Nxh3 Kf5 33. Ra8 e5 34.
Rf8+ Kg6 35. g4 Nd4 36. c3 bxc3 37. bxc3 Ne6 38. Rf5 Rb7 39. Rxe5 Rb2+ 40. Kf3
Kf6 41. Rxd5 1-0

[Event "4NCL Online Division 3"]
[Site "online"]
[Date "2020.04.07"]
[Round "1.104"]
[White "Kostadinov, Boris K"]
[Black "Pincheira Sarmiento, Bernardo"]
[Result "1-0"]
[WhiteElo "1622"]
[BlackElo "1795"]
[PlyCount "73"]
[EventDate "2020.04.07"]
[WhiteTeam "Falmouth & Truro"]
[BlackTeam "Nottingham University 1"]

1. e4 d5 2. exd5 Nf6 3. Bc4 Nxd5 4. Nc3 Nxc3 5. Qf3 e6 6. Qxc3 Nc6 7. a3 Qd4 8.
Nf3 Qxc3 9. bxc3 Bd6 10. d4 Bd7 11. Rb1 b6 12. O-O O-O 13. Re1 Na5 14. Ba2 Bc6
15. Ne5 Bb7 16. Nxf7 Kxf7 17. Rxe6 Bxh2+ 18. Kxh2 c6 19. Rxc6+ Ke8 20. Re6+ Kd7
21. Be3 Rac8 22. Re5 Rc7 23. Be6+ Kd6 24. g3 Nc6 25. Bg4 Nxe5 26. dxe5+ Ke7 27.
Bg5+ Ke8 28. Rd1 Rxf2+ 29. Kh3 Bg2+ 30. Kh4 Bf3 31. Rd8+ Kf7 32. e6+ Kg6 33.
Bxf3 Rxf3 34. e7 Rc4+ 35. Bf4 Kf5 36. Rf8+ Kg6 37. e8=Q# 1-0

[Event "4NCL Online Division 3"]
[Site "online"]
[Date "2020.04.07"]
[Round "1.111"]
[White "Boardman, Jeffrey"]
[Black "Hortin, Matthew J"]
[Result "1/2-1/2"]
[WhiteElo "1975"]
[BlackElo "1930"]
[PlyCount "141"]
[EventDate "2020.04.07"]
[WhiteTeam "Railsport"]
[BlackTeam "Mushrooms 2"]

1. b3 c5 2. Bb2 Nf6 3. e3 Nc6 4. Bb5 a6 5. Bxc6 dxc6 6. Nf3 Bg4 7. h3 Bxf3 8.
Qxf3 Qd5 9. d3 Qxf3 10. gxf3 O-O-O 11. Nc3 b6 12. Rg1 Rg8 13. a4 g6 14. a5 b5
15. Ne4 Nxe4 16. fxe4 h6 17. Ke2 Bg7 18. Bxg7 Rxg7 19. f4 Kd7 20. d4 cxd4 21.
exd4 f6 22. c4 g5 23. d5 bxc4 24. bxc4 Rb8 25. Rab1 Rgg8 26. Ke3 cxd5 27. exd5
gxf4+ 28. Kd4 Rxg1 29. Rxg1 Rb3 30. Kc5 f3 31. Rf1 f5 32. h4 h5 33. Rf2 e5 34.
dxe6+ Kxe6 35. Kc6 Ke7 36. c5 Kd8 37. Rd2+ Ke7 38. Kc7 Re3 39. Rf2 Rc3 40. c6
Rb3 41. Kc8 Ke8 42. c7 Ke7 43. Rf1 Re3 44. Kb7 Rb3+ 45. Kc6 Rc3+ 46. Kb6 Rb3+
47. Kxa6 Kd7 48. Rc1 Kc8 49. Rc2 Rb4 50. Rc5 f2 51. Rxf5 Kxc7 52. Rxf2 Rxh4 53.
Ka7 Rb4 54. Rc2+ Kd6 55. a6 h4 56. Rc3 Ke5 57. Rc7 h3 58. Rh7 Rb3 59. Ka8 Kf4
60. Rb7 Ra3 61. a7 h2 62. Rh7 Kg3 63. Kb8 Kg2 64. Rg7+ Kf1 65. Rh7 Kg2 66. Rg7+
Kf1 67. Rf7+ Kg2 68. Rh7 h1=Q 69. Rxh1 Kxh1 70. a8=Q+ Rxa8+ 71. Kxa8 1/2-1/2

[Event "4NCL Online Division 3"]
[Site "online"]
[Date "2020.04.07"]
[Round "1.112"]
[White "Rydahl, Johan"]
[Black "Mugalu, Hassan"]
[Result "0-1"]
[WhiteElo "1915"]
[BlackElo "1847"]
[PlyCount "96"]
[EventDate "2020.04.07"]
[WhiteTeam "Mushrooms 2"]
[BlackTeam "Railsport"]

1. d4 Nf6 2. c4 c6 3. Nc3 g6 4. g3 Bg7 5. Bg2 d5 6. cxd5 cxd5 7. Nf3 O-O 8. O-O
Nc6 9. Bf4 a6 10. Ne5 Be6 11. Rc1 Rc8 12. Qa4 Qb6 13. Nxc6 Rxc6 14. Rc2 Rfc8
15. Rfc1 Rc4 16. Qa3 Bf8 17. Be5 Qd8 18. b3 R4c6 19. Qb2 Bf5 20. e4 Nxe4 21.
Nxe4 Rxc2 22. Rxc2 dxe4 23. Re2 g5 24. h3 f6 25. g4 Bg6 26. Bg3 e5 27. Bxe4
Bxe4 28. Rxe4 Qd5 29. f3 exd4 30. Bf2 d3 31. Qd4 Rd8 32. Qa1 d2 33. Qd1 Qd3 34.
Kg2 Qc3 35. Kf1 b5 36. Be3 Qd3+ 37. Kf2 Ba3 38. Re6 Bc1 39. b4 Rd5 40. f4 gxf4
41. Bxf4 Qxh3 42. Re3 Qh4+ 43. Bg3 Qg5 44. Re4 Rd3 45. Bf4 Qh4+ 46. Kg2 Qh3+
47. Kf2 Rf3+ 48. Ke2 Qg2# 0-1

[Event "4NCL Online Division 3"]
[Site "online"]
[Date "2020.04.07"]
[Round "1.113"]
[White "Broad, Michael J"]
[Black "Fenwick, Hugh F"]
[Result "0-1"]
[WhiteElo "1720"]
[BlackElo "1907"]
[PlyCount "74"]
[EventDate "2020.04.07"]
[WhiteTeam "Railsport"]
[BlackTeam "Mushrooms 2"]

1. d4 e6 2. c4 f5 3. g3 Nf6 4. Bg2 d5 5. Nf3 c6 6. b3 Bd6 7. Bb2 O-O 8. O-O Qe7
9. Nbd2 Nbd7 10. Ne5 Ne4 11. f3 Nxd2 12. Qxd2 Nxe5 13. dxe5 Bc5+ 14. Bd4 b6 15.
e3 Ba6 16. Rfc1 dxc4 17. bxc4 Rad8 18. Bf1 f4 19. gxf4 Bxd4 20. exd4 Qh4 21.
Rd1 Rxf4 22. d5 cxd5 23. cxd5 Bxf1 24. Rxf1 Rxd5 25. Qc3 Qg5+ 26. Kh1 Qxe5 27.
Qc8+ Rf8 28. Qc6 Rd2 29. f4 Qe2 30. Rf2 Qxf2 31. Qxe6+ Kh8 32. Qh3 Qxf4 33. Rc1
Qe4+ 34. Kg1 Qd4+ 35. Kh1 Rd1+ 36. Rxd1 Qxd1+ 37. Kg2 Qf1+ 0-1

[Event "4NCL Online Division 3"]
[Site "online"]
[Date "2020.04.07"]
[Round "1.114"]
[White "Joslin, Tim"]
[Black "Goodman, Steve"]
[Result "1-0"]
[WhiteElo "1870"]
[BlackElo "1562"]
[PlyCount "29"]
[EventDate "2020.04.07"]
[WhiteTeam "Mushrooms 2"]
[BlackTeam "Railsport"]

1. e4 e5 2. Nf3 Nc6 3. Bb5 Bc5 4. c3 d6 5. O-O Nf6 6. d4 exd4 7. cxd4 Bb6 8. d5
a6 9. Ba4 Bd7 10. dxc6 bxc6 11. Bg5 O-O 12. e5 dxe5 13. Nxe5 Qe8 14. Bxf6 gxf6
15. Nxd7 1-0

[Event "4NCL Online Division 3"]
[Site "online"]
[Date "2020.04.07"]
[Round "1.121"]
[White "Gostelow, David W"]
[Black "Gardiner, Eric D"]
[Result "1/2-1/2"]
[WhiteElo "1990"]
[BlackElo "2016"]
[PlyCount "73"]
[EventDate "2020.04.07"]
[WhiteTeam "Shropshire 2"]
[BlackTeam "Hull Romans"]

1. d4 d5 2. Bf4 Nf6 3. e3 c5 4. Nd2 Nc6 5. c3 cxd4 6. exd4 Bf5 7. Ngf3 e6 8.
Qb3 Qc8 9. Bb5 Be7 10. O-O O-O 11. h3 a6 12. Bxc6 bxc6 13. Rfe1 Ne4 14. Rad1
Bd6 15. Bxd6 Nxd6 16. c4 Rb8 17. Qc3 Qb7 18. b3 Ne4 19. Nxe4 Bxe4 20. Ne5 Rfc8
21. Nd3 Bxd3 22. Qxd3 a5 23. Rb1 c5 24. dxc5 Rxc5 25. cxd5 Rxd5 26. Qe2 Rbd8
27. Red1 Qb4 28. Rxd5 Rxd5 29. Rd1 Qc5 30. Rxd5 Qxd5 31. Kf1 Kf8 32. Qc2 Ke7
33. Qc7+ Kf6 34. Qf4+ Ke7 35. Qc7+ Kf6 36. Qf4+ Ke7 37. Qc7+ 1/2-1/2

[Event "4NCL Online Division 3"]
[Site "online"]
[Date "2020.04.07"]
[Round "1.122"]
[White "Crow, Stephen"]
[Black "Keady, Mark A"]
[Result "1-0"]
[WhiteElo "1847"]
[BlackElo "1952"]
[PlyCount "131"]
[EventDate "2020.04.07"]
[WhiteTeam "Hull Romans"]
[BlackTeam "Shropshire 2"]

1. f4 d5 2. Nf3 c5 3. g3 Bf5 4. d3 Nc6 5. Bg2 Nf6 6. O-O e6 7. c3 b5 8. Na3 Qb6
9. Nc2 h6 10. a4 b4 11. a5 Nxa5 12. Ne3 Bd6 13. Qa4+ Nc6 14. Ne5 Rc8 15. N3c4
dxc4 16. Nxc4 Qc7 17. Bxc6+ Qxc6 18. Nxd6+ Kd7 19. Qxc6+ Rxc6 20. Nxf7 Ra8 21.
Ne5+ Kd6 22. Nxc6 Kxc6 23. e4 Bg4 24. Re1 Bh3 25. Bd2 b3 26. Ra3 Rd8 27. Re3
Ng4 28. Rf3 c4 29. d4 Kb6 30. Ra4 Rc8 31. Be3 Nxe3 32. Rxe3 h5 33. Re1 Bg4 34.
Rea1 Rc7 35. Kg2 Rb7 36. Rb4+ Kc6 37. Rxb7 Kxb7 38. Ra4 Be2 39. Kf2 Bd3 40. Ke3
Kb6 41. Rb4+ Kc6 42. Rb8 a5 43. h3 a4 44. Ra8 Kb5 45. d5 exd5 46. exd5 Kc5 47.
Rxa4 Kxd5 48. Ra5+ Ke6 49. Rxh5 Kf6 50. Rg5 Kf7 51. h4 Bf1 52. Kd4 Bd3 53. Rc5
Kf6 54. g4 Be2 55. g5+ Kg6 56. f5+ Kh5 57. f6 gxf6 58. gxf6+ Kg6 59. Rxc4 Kxf6
60. Rc5 Bd1 61. Re5 Kg6 62. c4 Bc2 63. c5 Bd1 64. c6 Bf3 65. c7 Bb7 66. Rb5 1-0

[Event "4NCL Online Division 3"]
[Site "online"]
[Date "2020.04.07"]
[Round "1.123"]
[White "Lewis, Christopher D"]
[Black "Varley, Joe"]
[Result "0-1"]
[WhiteElo "1930"]
[BlackElo "1892"]
[PlyCount "140"]
[EventDate "2020.04.07"]
[WhiteTeam "Shropshire 2"]
[BlackTeam "Hull Romans"]

1. e4 e5 2. Nf3 Nc6 3. Bb5 a6 4. Ba4 Nf6 5. d3 b6 6. Bxc6 dxc6 7. Nxe5 Bb7 8.
O-O b5 9. Nc3 Be7 10. f4 O-O 11. Be3 Re8 12. Ng4 Qd7 13. Nxf6+ Bxf6 14. Bc5
Bd4+ 15. Bxd4 Qxd4+ 16. Kh1 c5 17. Rb1 Rad8 18. Qf3 f5 19. Qf2 fxe4 20. dxe4
Qxf2 21. Rxf2 Bxe4 22. Nxe4 Rxe4 23. g3 Rde8 24. Kg2 c4 25. Rd1 c3 26. bxc3
R8e7 27. Rd8+ Kf7 28. Ra8 R7e6 29. f5 Rc6 30. Rd2 Ke7 31. Kf2 Rec4 32. Re2+ Kf6
33. Rf8+ Kg5 34. Rf7 h5 35. Re5 Rxc3 36. Rxg7+ Kf6 37. Ree7 Rxc2+ 38. Kf1 Kxf5
39. Rgf7+ Kg4 40. Rf4+ Kg5 41. h4+ Kg6 42. Re5 Rxa2 43. Re2 Rc1+ 44. Kf2 Rcc2
45. Rxc2 Rxc2+ 46. Ke3 Rc3+ 47. Kf2 a5 48. g4 hxg4 49. Rxg4+ Kf6 50. Ke2 a4 51.
Kd2 Rb3 52. h5 Rh3 53. Rg6+ Kf7 54. Rc6 Rxh5 55. Rxc7+ Ke6 56. Kc3 Kd6 57. Rb7
Kc6 58. Rb8 Rh3+ 59. Kb4 Rh4+ 60. Ka3 Rh3+ 61. Kb4 Rb3+ 62. Ka5 a3 63. Rc8+ Kd5
64. Rc1 b4 65. Ka4 Rb2 66. Rd1+ Kc4 67. Rc1+ Kd3 68. Rd1+ Kc3 69. Rc1+ Rc2 70.
Ra1 a2 0-1

[Event "4NCL Online Division 3"]
[Site "online"]
[Date "2020.04.07"]
[Round "1.124"]
[White "Farley, Zak"]
[Black "Rooney, Steve"]
[Result "1-0"]
[WhiteElo "1735"]
[BlackElo "1907"]
[PlyCount "145"]
[EventDate "2020.04.07"]
[WhiteTeam "Hull Romans"]
[BlackTeam "Shropshire 2"]

1. c4 d6 2. Nc3 g6 3. e3 e5 4. g3 Bg7 5. Bg2 c6 6. Nge2 Nd7 7. O-O Ngf6 8. d4
O-O 9. e4 Re8 10. d5 a5 11. Rb1 Nc5 12. Be3 Na6 13. a3 Ng4 14. Bd2 f5 15. h3
Nf6 16. Bg5 h6 17. Bxf6 Bxf6 18. dxc6 bxc6 19. exf5 Bxf5 20. Bxc6 Rf8 21. Qd5+
Kg7 22. Bxa8 Bxb1 23. Rxb1 Nc7 24. Qxa5 Nxa8 25. Qxd8 Rxd8 26. Nd5 Rc8 27. Nxf6
Kxf6 28. b3 Nb6 29. Nc3 Nd7 30. Kf1 Nc5 31. f3 Ke6 32. Ke2 Ra8 33. a4 Rb8 34.
b4 Nd7 35. a5 Rc8 36. Kd3 Rf8 37. Rf1 Rb8 38. b5 Nc5+ 39. Ke3 g5 40. a6 Ra8 41.
Ra1 Kd7 42. Nd5 Ra7 43. Nb4 Kc7 44. Nc6 Ra8 45. Ne7 Kd7 46. Nf5 Ke6 47. Nxh6 d5
48. cxd5+ Kxd5 49. Ng4 Kc4 50. Rb1 Kd5 51. h4 gxh4 52. gxh4 Ke6 53. h5 Kf5 54.
h6 e4 55. Rh1 exf3 56. Kxf3 Ne6 57. h7 Rh8 58. Ne3+ Kg6 59. a7 Ng5+ 60. Kg4
Nxh7 61. Rxh7 Kxh7 62. b6 Rg8+ 63. Kf3 Rf8+ 64. Ke2 Ra8 65. b7 Rxa7 66. b8=Q
Rg7 67. Kf3 Rf7+ 68. Kg4 Rg7+ 69. Kh5 Rg8 70. Qc7+ Rg7 71. Qe5 Rg8 72. Nf5 Re8
73. Qg7# 1-0

[Event "4NCL Online Division 3"]
[Site "online"]
[Date "2020.04.07"]
[Round "1.131"]
[White "Titorenko, Kostyantyn"]
[Black "Smith, Simon"]
[Result "1-0"]
[WhiteElo "1930"]
[BlackElo "1966"]
[PlyCount "63"]
[EventDate "2020.04.07"]
[WhiteTeam "Streatham B"]
[BlackTeam "Beverley Vikings"]

1. e4 e5 2. Bc4 Nf6 3. d3 Nc6 4. Nf3 Bc5 5. c3 d6 6. O-O O-O 7. Re1 h6 8. Nbd2
a5 9. Bb3 Be6 10. Bc2 Re8 11. Nf1 d5 12. exd5 Bxd5 13. Ng3 Ng4 14. Rf1 e4 15.
dxe4 Bc4 16. Nd4 Nxd4 17. cxd4 Qxd4 18. Qxg4 Bxf1 19. Be3 Qxb2 20. Rxf1 Qxc2
21. Rc1 Qb2 22. Rxc5 Rad8 23. Rxc7 Re6 24. h4 b5 25. Nf5 Rg6 26. Ne7+ Kh7 27.
Nxg6 fxg6 28. h5 Qa1+ 29. Kh2 Qe5+ 30. Bf4 Qxe4 31. Rxg7+ Kh8 32. Rxg6 1-0

[Event "4NCL Online Division 3"]
[Site "online"]
[Date "2020.04.07"]
[Round "1.132"]
[White "Carmichael, Ned"]
[Black "Ponting, Andrew"]
[Result "0-1"]
[WhiteElo "1825"]
[BlackElo "1870"]
[PlyCount "106"]
[EventDate "2020.04.07"]
[WhiteTeam "Beverley Vikings"]
[BlackTeam "Streatham B"]

1. c4 e6 2. Nc3 d5 3. d4 Nf6 4. Bg5 c6 5. Nf3 dxc4 6. a4 Bb4 7. e4 Qa5 8. Bxf6
Bxc3+ 9. bxc3 Qxc3+ 10. Nd2 gxf6 11. Bxc4 Qxd4 12. O-O Nd7 13. Qe2 Rg8 14. Nb3
Qb6 15. a5 Qb4 16. f4 b5 17. Bxe6 fxe6 18. Qh5+ Kd8 19. Qxh7 Re8 20. Rf3 Qe7
21. Qh5 Kc7 22. Rc1 a6 23. Rfc3 Bb7 24. Nd4 Rac8 25. Nxb5+ axb5 26. Qxb5 Kb8
27. Rxc6 Rxc6 28. Rxc6 Rc8 29. a6 Nc5 30. axb7 Rxc6 31. Qxc6 Nxb7 32. Kf2 Qc5+
33. Qxc5 Nxc5 34. Ke3 Kc7 35. g4 Kd6 36. h4 Ke7 37. e5 f5 38. g5 Kf7 39. h5 Ne4
40. h6 Kg6 41. Ke2 Nc5 42. Ke3 Nd7 43. Kf3 Nf8 44. Kg3 Kf7 45. Kh4 Ng6+ 46. Kg3
Ke7 47. Kf3 Kd7 48. Kg3 Kc6 49. Kf3 Kd5 50. Ke3 Kc4 51. Kf3 Kd3 52. Kg3 Ke3 53.
h7 Ke4 0-1

[Event "4NCL Online Division 3"]
[Site "online"]
[Date "2020.04.07"]
[Round "1.133"]
[White "Smith, Martin G"]
[Black "Grice, Alec"]
[Result "1-0"]
[WhiteElo "1945"]
[BlackElo "1682"]
[PlyCount "77"]
[EventDate "2020.04.07"]
[WhiteTeam "Streatham B"]
[BlackTeam "Beverley Vikings"]

1. d4 Nf6 2. Nf3 e6 3. c4 Bb4+ 4. Bd2 a5 5. g3 d6 6. Bg2 Nc6 7. O-O e5 8. d5
Bxd2 9. Nbxd2 Ne7 10. e4 O-O 11. c5 Ng6 12. Rc1 Bg4 13. h3 Bd7 14. Qc2 Bb5 15.
Rfe1 c6 16. cxd6 Qxd6 17. Nc4 Bxc4 18. Qxc4 cxd5 19. exd5 Rfe8 20. Ng5 h6 21.
Ne4 Nxe4 22. Bxe4 Ne7 23. Qb5 f5 24. Bg2 e4 25. Red1 Ng6 26. Qxb7 Rab8 27. Qc6
Qxc6 28. dxc6 Rbc8 29. Rd5 Ne5 30. Rxa5 Nd3 31. Rc3 g6 32. b3 Ne5 33. Bf1 Nf3+
34. Kh1 Red8 35. Bc4+ Kg7 36. Rd5 Re8 37. Bb5 Kf6 38. c7 Re7 39. Rd7 1-0

[Event "4NCL Online Division 3"]
[Site "online"]
[Date "2020.04.07"]
[Round "1.134"]
[White "Perkins, Peter T"]
[Black "Fox, James"]
[Result "0-1"]
[WhiteElo "1652"]
[BlackElo "1870"]
[PlyCount "138"]
[EventDate "2020.04.07"]
[WhiteTeam "Beverley Vikings"]
[BlackTeam "Streatham B"]

1. d4 c6 2. c4 g6 3. Nf3 Bg7 4. Nc3 d6 5. b3 Nd7 6. Bb2 Qc7 7. e3 Ngf6 8. Qc2
O-O 9. Bd3 a6 10. O-O e5 11. d5 c5 12. Nd2 Re8 13. Nce4 Nxe4 14. Nxe4 Nf6 15.
Nxf6+ Bxf6 16. f4 Qe7 17. f5 Rb8 18. fxg6 hxg6 19. Rf3 Bg7 20. Raf1 Rf8 21. Rg3
b5 22. Bc1 Rb7 23. e4 bxc4 24. Bxc4 Ra7 25. Qe2 a5 26. Bg5 Qc7 27. h4 f5 28.
exf5 gxf5 29. Bh6 Rf7 30. Qh5 Qe7 31. Bxg7 Rxg7 32. Rxg7+ Qxg7 33. Qe8+ Qf8 34.
Qh5 Rg7 35. Bb5 f4 36. Bd3 Bg4 37. Qh6 Qe7 38. g3 e4 39. Re1 Bf3 40. Qxf4 Qf7
41. Qxf7+ Kxf7 42. Bxe4 Bxe4 43. Rxe4 Rxg3+ 44. Kf2 Rd3 45. Ra4 Rxd5 46. Rxa5
Ke6 47. Ra4 Kf5 48. Rc4 Rd2+ 49. Kg3 Rxa2 50. Ra4 Rb2 51. Ra6 Rxb3+ 52. Kf2 d5
53. Ra5 Rc3 54. h5 Kg5 55. Ke2 Kxh5 56. Kd2 d4 57. Ra6 Kg5 58. Ra8 Kf5 59. Re8
Kf6 60. Re1 Kf5 61. Re8 Kf4 62. Re1 Ra3 63. Rc1 Ra5 64. Kd3 Ke5 65. Kc4 Kd6 66.
Rh1 Ra4+ 67. Kb5 Rb4+ 68. Ka5 Rb2 69. Rh5 d3 0-1

[Event "4NCL Online Division 3"]
[Site "online"]
[Date "2020.04.07"]
[Round "1.141"]
[White "Fletcher, John"]
[Black "Peacock, Malcolm R"]
[Result "1-0"]
[WhiteElo "1994"]
[BlackElo "2072"]
[PlyCount "81"]
[EventDate "2020.04.07"]
[WhiteTeam "The Full Ponty"]
[BlackTeam "Preston South End"]

1. d4 Nf6 2. Nc3 e6 3. e4 d5 4. Bg5 h6 5. Bxf6 Qxf6 6. exd5 Bb4 7. Bb5+ c6 8.
dxc6 bxc6 9. Be2 O-O 10. Nf3 Rd8 11. a3 Bxc3+ 12. bxc3 c5 13. Rb1 Nc6 14. Bb5
Bd7 15. O-O cxd4 16. cxd4 a6 17. Bd3 g5 18. c3 e5 19. d5 Ne7 20. c4 Bg4 21. Be4
Qf4 22. Re1 Rac8 23. g3 Qf6 24. Qd3 Nf5 25. Rb7 Nd6 26. Rb6 Qg7 27. Nxe5 Bh5
28. g4 f6 29. gxh5 fxe5 30. Bf5 Kh8 31. Rxd6 Rxd6 32. Bxc8 Qc7 33. Qf5 Rd8 34.
Qf6+ Kh7 35. Bf5+ Kg8 36. Be6+ Kh7 37. Qg6+ Kh8 38. Qxh6+ Qh7 39. Qf6+ Qg7 40.
Qxd8+ Qg8 41. Qxg8# 1-0